| 000 | 00474nam a2200205Ia 4500 | ||
|---|---|---|---|
| 001 | 11611 | ||
| 003 | GE_BSU | ||
| 008 | 181216s||||||||xx |||||||||||||| ||und|| | ||
| 020 | _a97807475700202 | ||
| 040 | _cGE_BSU | ||
| 080 | _a821.111-32 | ||
| 100 | _aHancock,Sheila. | ||
| 245 | 4 | _aThe two of us my life with John Thaw. | |
| 260 | _aLondon | ||
| 260 | _bBloomsbury. | ||
| 260 | _c2004. | ||
| 300 | _a302p;25cm. | ||
| 653 | _aus my life with John Thaw. | ||
| 942 | _cBK | ||
| 999 |
_c44806 _d44806 |
||